[Event "Guipuzcoa-ch Segunda B"]
[Site "Guipuzcoa"]
[Date "2017.10.28"]
[Round "3.5"]
[White "Etxebeste Rodrigo, Oier"]
[Black "Garrido Dominguez, Jose Antonio"]
[Result "0-1"]
[WhiteElo "1292"]
[BlackElo "1543"]
[PlyCount "117"]
[EventDate "2017.10.14"]
[EventType "swiss"]
[EventRounds "5"]
[EventCountry "ESP"]
[SourceTitle "EXT 2024"]
[Source "ChessBase"]
[SourceDate "2023.10.10"]
[SourceVersion "1"]
[SourceVersionDate "2023.10.10"]
[SourceQuality "1"]

1. e4 e6 2. d3 c6 3. Nd2 Nf6 4. Ngf3 Be7 5. g3 d5 6. e5 Nfd7 7. c3 h6 8. Bg2 Nc5 9. Qc2 Nbd7 10. d4 Na6 11. 0-0 c5 12. Re1 c4 13. b3 b5 14. h4 f5 15. Nh2 0-0 16. bxc4 bxc4 17. Nxc4 Qc7 18. Nb2 Bb7 19. Nd3 Rac8 20. Rb1 Nb6 21. Bd2 Nc4 22. Rb3 Bc6 23. Reb1 Ba4 24. Nf4 Kf7 25. Qd1 Bxb3 26. Rxb3 g6 27. Nf1 Qd7 28. Qb1 Rb8 29. Qc2 Nc7 30. Ne3 Rxb3 31. axb3 Nxd2 32. Qxd2 g5 33. Ne2 Kg6 34. c4 gxh4 35. gxh4 Bxh4 36. Nf4+ Kh7 37. Qa5 dxc4 38. bxc4 Bg5 39. Qc5 Rd8 40. Ne2 a6 41. d5 exd5 42. Nxd5 Ne6 43. Qb6 Qc8 44. Kh2 Rd7 45. Qxe6 Rd8 46. Qxc8 Rxc8 47. Nb6 Rc5 48. Bd5 Ra5 49. Kg2 Ra2 50. Kf3 Rb2 51. Nd7 Rd2 52. Nc3 Rd3+ 53. Ke2 Rxc3 54. c5 Be7 55. c6 Bd8 56. Nb8 Bc7 57. Nxa6 Bxe5 58. Be6 Kg6 59. Bd7 0-1